U.S. Competitiveness in Manufacturing

Enregistré dans:
Détails bibliographiques
Auteur principal: Ayres, Robert U.
Format: Livre
Langue:anglais
Publié: Laxenburg International Institute for Applied Systems Analysis 1989
Édition:1. ed.
Tags: Ajouter un tag
Pas de tags, Soyez le premier à ajouter un tag!

MARC

LEADER 00000nam a2200000 4500
001 c036712
005 20221215114552.8
041 0 |a eng 
044 |a AT 
245 1 0 |a U.S. Competitiveness in Manufacturing  |c Robert U. Ayres 
250 |a 1. ed. 
264 1 |a Laxenburg  |b International Institute for Applied Systems Analysis  |c 1989 
300 |a 12 s. 
500 |a Separát z: Managerial and Decision Economics, Special Issue, Spring 1989 
100 1 |a Ayres, Robert U.